Every Premier League Club’s Location - Statistics

General Stats
  • This quiz has been taken 28 times
  • The average score is 26 of 36
Answer Stats
Answer % Correct
Manchester
100%
Birmingham
96%
Liverpool
96%
London
96%
Leeds
91%
Sheffield
91%
Brighton
87%
Leicester
87%
Newcastle upon Tyne
87%
Southampton
87%
Cardiff
83%
Ipswich
83%
Sunderland
83%
Swansea
83%
Bournemouth
78%
Luton
78%
Norwich
78%
Portsmouth
78%
Wolverhampton
78%
Kingston upon Hull
74%
Middlesbrough
74%
West Bridgford
74%
Reading
65%
Blackburn
61%
Bradford
61%
Burnley
61%
Derby
57%
Stoke-on-Trent
57%
Swindon
57%
Barnsley
52%
Blackpool
52%
Coventry
52%
Watford
52%
West Bromwich
52%
Huddersfield
48%
Oldham
48%
No matching quizzes found
Score Distribution
Percent of People with Each Score
Percentile by Number Answered
Your Score History
You have not taken this quiz